Fragmentos del jardín de la memoria (Record no. 1528)

MARC details
000 -LEADER
campo de control de longitud fija 00678nam a22001577a 4500
008 - DATOS DE LONGITUD FIJA--INFORMACIÓN GENERAL
campo de control de longitud fija 180705b xxu||||| |||| 00| 0 eng d
020 ## - NÚMERO INTERNACIONAL ESTÁNDAR DEL LIBRO
Número Internacional Estándar del Libro 8439043051
082 ## - NÚMERO DE LA CLASIFICACIÓN DECIMAL DEWEY
Número de clasificación 708
Número de ítem N319p
100 ## - ENTRADA PRINCIPAL--NOMBRE DE PERSONA
Nombre de persona Navares, Paloma
9 (RLIN) 6468
245 ## - MENCIÓN DEL TÍTULO
Título Fragmentos del jardín de la memoria
260 ## - PUBLICACIÓN, DISTRIBUCIÓN, ETC.
Lugar de publicación, distribución, etc. Madrid
Nombre del editor, distribuidor, etc. Uveuve Consultores
Fecha de publicación, distribución, etc. 1996
300 ## - DESCRIPCIÓN FÍSICA
Extensión 72 p.
Otras características físicas ill (col)
Dimensiones 28.5 x 22 cm
505 ## - NOTA DE CONTENIDO CON FORMATO
Título La intensidad del limbo
Mención de responsabilidad L. Ishi-Kawa
Título Introducción
Mención de responsabilidad Fernando Castro
Título Catálogo de obras
-- Almacén de Silencios
-- Curriculum
-- Bibliografía
-- Créditos/ agradecimientos
650 ## - PUNTO DE ACCESO ADICIONAL DE MATERIA--TÉRMINO DE MATERIA
Subdivisión general arte contemporáneo
-- arte - exhibiciones
-- España
-- arte - instalación
9 (RLIN) 6469
700 ## - ENTRADA AGREGADA--NOMBRE PERSONAL
Nombre de persona Ishi-Kawa, L.; Castro, Fernando
9 (RLIN) 6470
Holdings
Estatus retirado Estado de pérdida Fuente del sistema de clasificación o colocación Estado de daño No para préstamo Biblioteca de origen Biblioteca actual Ubicación en estantería Fecha de adquisición Total de préstamos Signatura topográfica completa Código de barras Visto por última vez Precio de reemplazo Tipo de ítem Koha
    Clasificación Decimal Dewey     Biblioteca LadoV Biblioteca LadoV   05/07/2018   708 N319p 001091 05/07/2018 05/07/2018 Material 01